00784nam a2200241 a 45000010008000000030004000080050017000120080041000290100017000700200032000870400018001190430012001370500022001490820029001712450028002002600031002283000020002594400060002795040028003396500056003676500047004237100072004701411376OSt20230629140932.0830401s1982 enk b f000 0 eng  a 83133254  a0117010340 (pbk.) :c£3.15 aDLCcDLCdDLC ae-uk---00aKD7876b.J87 198200a347.41a344.107219bFCO00aJustice and the law c  aLondon :bH.M.S.O.,c1982. a31 p. ;c21 cm. 0aCentral Office of Information reference pamphlet ;v173 aBibliography: p. 29-31. 0aCriminal justice, Administration ofzGreat Britain. 0aJustice, Administration ofzGreat Britain.1 aGreat Britain.bCentral Office of Information.bReference Services.